| 000 | 02995nam a2200469 i 4500 | ||
|---|---|---|---|
| 001 | 195573 | ||
| 003 | ES-MaACL | ||
| 005 | 20250825062652.0 | ||
| 008 | 240624e2024 sp a |r |001 0 spa | ||
| 017 |
_aM 1875-2024 _bOficina Depósito Legal Madrid |
||
| 020 | _a978-84-8480-610-3 | ||
| 024 | 7 |
_a195-24-006-2 _2nipo |
|
| 035 | _a(OCoLC)1440061701 | ||
| 040 |
_aES-MaCSI _bspa _cES-MaACL |
||
| 080 | _a316.42(460)(083.824) | ||
| 080 | _a316.74:7(083.824) | ||
| 245 | 0 | 0 |
_aArte y transformaciones sociales en España : _b1885-1910 / _cedición a cargo de Javier Barón ; comisario, Javier Barón Thaidigsmann, con la colaboración para la sección de fotografía de Beatriz Sánchez Torija |
| 250 | _a1ª edición | ||
| 260 |
_aMadrid : _bMuseo Nacional del Prado, _c2024 |
||
| 300 |
_a448 páginas : _bilustraciones (color), fotografías (blanco y negro) ; _c30 cm |
||
| 336 |
_2rdacontent _atexto |
||
| 337 |
_2rdamedia _asin mediación |
||
| 338 |
_2rdacarrier _avolumen |
||
| 500 | _aÍndice | ||
| 504 | _aBibliografía: páginas 406-424 | ||
| 520 | _aEn este catálogo se analiza la diversidad en las interpretaciones de todos esos temas, la interrelación entre las distintas técnicas, como la fotografía, la ilustración y la pintura, y la crisis del sistema naturalista de representación tras el triunfo de sus autores más destacados, como los hermanos Jiménez Aranda, Joaquín Sorolla y Ramon Casas. Sus propuestas fueron sustituidas por otras de índole más expresiva, primero a cargo de Darío de Regoyos y, después de 1900, de artistas como Isidre Nonell, Pablo Gargallo y Pablo Picasso. Editado por Javier Barón, quien se ocupa del estudio dedicado a la pintura, el catálogo incluye otros ensayos relacionados con la escultura, a cargo de Leticia Azcue Brea (jefa de Conservación de Escultura y Artes Decorativas), la fotografía, por Beatriz Sánchez Torija (técnica en gestión, Área de Conservación de Dibujos, Estampas y Fotografías) y el ámbito catalán, escrito por Francesc Fontbona (doctor en Historia Moderna). Cada una de las casi 300 obras presentes en la exposición es objeto de un análisis pormenorizado | ||
| 585 | _aExposición: Museo Nacional del Prado, Madrid, 24 de mayo al 22 de septiembre de 2024 | ||
| 650 | 4 |
_aCambio social- _zEspaña- _vExposiciones _9237193 |
|
| 650 | 7 |
_aArte y sociedad- _zEspaña _9150993 |
|
| 655 | 7 |
_aCatálogos de exposiciones _2tgfbne _9193628 |
|
| 655 | 7 |
_aLibros ilustrados _2tgfbne _9193653 |
|
| 700 | 0 |
_aBarón, Javier, _d1956- _epbl _eorm _925770 |
|
| 700 | 1 |
_aSánchez Torija, Beatriz _eorm _9241796 |
|
| 710 | 2 |
_aMuseo Nacional del Prado _ehis _eedt _9160001 |
|
| 852 | 4 |
_aES-MaACL _cDEPOJ _hDonación: Museo Nacional del Prado _jN-10054 _9206201 |
|
| 914 |
_9160001 _aMuseo Nacional del Prado _ednr |
||
| 942 |
_cMONOGRAFIA _n0 |
||
| 999 |
_c195573 _d195573 |
||